Geometría : curso elemental

Gespeichert in:
Bibliographische Detailangaben
Körperschaft: Hermanos de las Escuelas Cristianas (Buenos Aires)
Format: Buch
Sprache:Spanisch
Erschienen: Buenos Aires : 1926
Ausgabe:9ª ed.
Katalog:BNM:  Suchergebnis im Bibliothekskatalog
Schulbuchspezifische Eigenschaften:
Schlagworte:
Tags: Tag hinzufügen
Keine Tags, Fügen Sie den ersten Tag hinzu!
Hinzugefügt zu:16.12.1993
Geändert in:20.02.2022

MARC

LEADER 00000cam a22000004a 4500
003 AR-BaBNM
007 ta
008 931217s1926 ag ||||b |||||||||||spa|d
005 20220220073429.0
035 |a 000020624 
040 |a AR-BaBNM  |b spa 
080 |a 372.4 
245 0 0 |a Geometría :  |b curso elemental /  |c Hermanos de las Escuelas Cristianas [Buenos Aires] 
250 |a 9ª ed. 
260 |a Buenos Aires :  |b Cabaut,  |c 1926 
300 |a 151 p. 
650 4 |a Enseñanza de la geometría  |9 7750  |a Educación primaria  |9 7632 
655 4 |a Libros de texto 
710 2 |a Hermanos de las Escuelas Cristianas (Buenos Aires) 
942 |2 udc  |c LIBRO 
999 |c 55608  |d 55608 
999 |c KOHA-OAI-TEST:55608  |d 55608